000 00970cam a22002772 4500
001 0000025438
005 20151217154541.0
008 150921s xx 000 0 eng d
020 _a1611632767 :
040 _aKABU
_cKABU
050 0 _aKF4881
_b.N694 2014
100 1 _aNoyes, Henry S.
_@0000186078
245 1 4 _aThe Law of Direct Democracy /
_cby Henry S. Noyes.
260 _aNorth Carolina :
_bCarolina Academic Press,
_c2014.
300 _a li, 484 p.
650 0 _aReferendum
_xUnited States.
_@0000186079
650 0 _aRecall
_xUnited States.
_@0000186080
908 _a150921
950 _@1
999 _c11705
_d11705